Cargando…

Working men's bodies : Work camps in Britain, 1880-1940 /

Britain's work camp systems have never before been studied in depth. Highly readable, and based on thorough archival research and the reminiscences of those involved, this fascinating book addresses the relations between work, masculinity, training and citizen service. The book is a comprehensi...

Descripción completa

Detalles Bibliográficos
Clasificación:Libro Electrónico
Autor principal: Field, John, 1949- (Autor)
Formato: Electrónico eBook
Idioma:Inglés
Publicado: New York [New York] : Manchester University Press, 2013.
Colección:Book collections on Project MUSE.
Temas:
Acceso en línea:Texto completo

MARC

LEADER 00000cam a22000004a 4500
001 musev2_51585
003 MdBmJHUP
005 20230905045457.0
006 m o d
007 cr||||||||nn|n
008 170330r20172013enk o 00 0 eng d
020 |a 9781526112538 
020 |z 9780719087684 
020 |z 1526112531 
035 |a (OCoLC)980843717 
040 |a MdBmJHUP  |c MdBmJHUP 
043 |a e-uk--- 
050 4 |a HD5765.A6  |b F548 2013 
082 0 |a 331.10941  |2 23 
100 1 |a Field, John,  |d 1949-  |e author. 
245 1 0 |a Working men's bodies :   |b Work camps in Britain, 1880-1940 /   |c John Field. 
264 1 |a New York [New York] :  |b Manchester University Press,  |c 2013. 
264 3 |a Baltimore, Md. :  |b Project MUSE,   |c 2017 
264 4 |c ©2013. 
300 |a 1 online resource (272 pages). 
336 |a text  |b txt  |2 rdacontent 
337 |a computer  |b c  |2 rdamedia 
338 |a online resource  |b cr  |2 rdacarrier 
500 |a Issued as part of book collections on Project MUSE. 
504 |a Includes bibliographical references (pages [264]-270) and index. 
505 0 |a Colonising the land -- "We work among the lowest stratum of life" -- Labour colonies and public health -- Alternative living in the English countryside -- "The landless man to the manless land" -- Transference and the labour government, 1929-31 -- Incremental growth -- "Light green uniforms, white aprons and caps" -- Camps as social service and social movement -- "Down with the concentration camps!" -- Conclusion. 
506 |a Access restricted to authorized users and institutions. 
520 |a Britain's work camp systems have never before been studied in depth. Highly readable, and based on thorough archival research and the reminiscences of those involved, this fascinating book addresses the relations between work, masculinity, training and citizen service. The book is a comprehensive study, from the labour colonies of late Victorian and Edwardian Britain to the government instructional centres of the 1930s. It covers therapeutic communities for alcoholics, epileptics, prostitutes and 'mental defectives', as well as alternative communities founded by socialists, anarchists and nationalists in the hope of building a new world. It explores residential training schemes for women, many of which sought to develop 'soft bodies' fit for domestic service, while more mainstream camps were preoccupied with 'hardening' male bodies through heavy labour. Working Men's Bodies will interest anyone specialising in modern British history, and those concerned with social policy, training policy, unemployment, and male identities. 
588 |a Description based on print version record. 
650 0 |a Human body  |x Social aspects  |z Great Britain  |x History  |y 20th century. 
650 0 |a Human body  |x Social aspects  |z Great Britain  |x History  |y 19th century. 
650 0 |a Working class men  |z Great Britain  |x Social conditions  |y 20th century. 
650 0 |a Working class men  |z Great Britain  |x Social conditions  |y 19th century. 
650 0 |a Labor supply  |z Great Britain  |x History  |y 20th century. 
650 0 |a Labor supply  |z Great Britain  |x History  |y 19th century. 
650 0 |a Work camps  |z Great Britain  |x History  |y 20th century. 
650 0 |a Work camps  |z Great Britain  |x History  |y 19th century. 
655 7 |a Electronic books.   |2 local 
710 2 |a Project Muse,  |e distributor. 
776 1 8 |i Print version:  |z 9780719087684 
710 2 |a Project Muse.  |e distributor 
830 0 |a Book collections on Project MUSE. 
856 4 0 |z Texto completo  |u https://projectmuse.uam.elogim.com/book/51585/ 
945 |a Project MUSE - Custom Collection